Amicable Alices Lewis Carroll and his Child Friends /

Elmentve itt :
Bibliográfiai részletek
Szerző: Kérchy Anna
Dokumentumtípus: Könyv része
Megjelent: Wydawnictwo Uniwersytetu Jagiellońskiego Krakow 2017
Sorozat:The Politics and Poetics of Friendship
mtmt:3316992
Online Access:http://publicatio.bibl.u-szeged.hu/21591
LEADER 00722naa a2200193 i 4500
001 publ21591
005 20210804084619.0
008 210603s2017 hu o 0|| zxx d
020 |a 9788323343394 
024 7 |a 3316992  |2 mtmt 
040 |a SZTE Publicatio Repozitórium  |b hun 
041 |a zxx 
100 1 |a Kérchy Anna 
245 1 0 |a Amicable Alices  |h [elektronikus dokumentum] :  |b Lewis Carroll and his Child Friends /  |c  Kérchy Anna 
260 |a Wydawnictwo Uniwersytetu Jagiellońskiego  |b Krakow  |c 2017 
300 |a 15 
300 |a 225-239 
490 0 |a The Politics and Poetics of Friendship 
856 4 0 |u http://publicatio.bibl.u-szeged.hu/21591/1/LewisCarrollandChildFriends_ThePoliticsandPoeticsofFriendship.pdf  |z Dokumentum-elérés